<?xml version="1.0" encoding="UTF-8"?>
<collection xmlns="http://www.loc.gov/MARC21/slim">
 <record>
  <leader>03336nam a22004455i 4500</leader>
  <controlfield tag="001">41043</controlfield>
  <controlfield tag="003">BD-DhAAL</controlfield>
  <controlfield tag="008">230402t2017    gw |||| o    |||| 0|eng d</controlfield>
  <datafield tag="010" ind1=" " ind2=" ">
   <subfield code="a">  2019744240</subfield>
  </datafield>
  <datafield tag="020" ind1=" " ind2=" ">
   <subfield code="a">9783319844718</subfield>
  </datafield>
  <datafield tag="020" ind1=" " ind2=" ">
   <subfield code="a">9783319507156</subfield>
  </datafield>
  <datafield tag="024" ind1="7" ind2=" ">
   <subfield code="a">10.1007/978-3-319-50715-6</subfield>
   <subfield code="2">doi</subfield>
  </datafield>
  <datafield tag="035" ind1=" " ind2=" ">
   <subfield code="a">(DE-He213)978-3-319-50715-6</subfield>
  </datafield>
  <datafield tag="040" ind1=" " ind2=" ">
   <subfield code="a">DLC</subfield>
   <subfield code="b">eng</subfield>
   <subfield code="e">pn</subfield>
   <subfield code="e">rda</subfield>
   <subfield code="c">DLC</subfield>
   <subfield code="d">BD-DhAAL</subfield>
  </datafield>
  <datafield tag="072" ind1=" " ind2="7">
   <subfield code="a">GTJ</subfield>
   <subfield code="2">bicssc</subfield>
  </datafield>
  <datafield tag="072" ind1=" " ind2="7">
   <subfield code="a">GTU</subfield>
   <subfield code="2">thema</subfield>
  </datafield>
  <datafield tag="072" ind1=" " ind2="7">
   <subfield code="a">POL034000</subfield>
   <subfield code="2">bisacsh</subfield>
  </datafield>
  <datafield tag="082" ind1="0" ind2="4">
   <subfield code="a">327.172</subfield>
   <subfield code="2">23</subfield>
  </datafield>
  <datafield tag="245" ind1="0" ind2="0">
   <subfield code="a">Peacebuilding in Deeply Divided Societies :</subfield>
   <subfield code="b">Toward Social Cohesion? /</subfield>
   <subfield code="c">edited by Fletcher D. Cox, Timothy D. Sisk.</subfield>
  </datafield>
  <datafield tag="250" ind1=" " ind2=" ">
   <subfield code="a">First edition.</subfield>
  </datafield>
  <datafield tag="264" ind1=" " ind2="1">
   <subfield code="a">Cham :</subfield>
   <subfield code="b">Springer International Publishing :</subfield>
   <subfield code="b">Imprint: Palgrave Macmillan,</subfield>
   <subfield code="c">2017.</subfield>
  </datafield>
  <datafield tag="300" ind1=" " ind2=" ">
   <subfield code="a">VIII, 346 pages ;</subfield>
   <subfield code="c">22 cm.</subfield>
  </datafield>
  <datafield tag="490" ind1="1" ind2=" ">
   <subfield code="a">Rethinking Political Violence</subfield>
  </datafield>
  <datafield tag="505" ind1="0" ind2=" ">
   <subfield code="a">Introduction -- 1. Peacebuilding: A Social Cohesion Approach -- 2. Guatemala: National Fragmentation, Local Cohesion -- 3. Kenya: Identity and Insecurity in a Modernizing Society -- 4. Lebanon: Confessionalism, Consociationalism, and Social Cohesion -- 5. Myanmar: Religion, Identity, and Conflict in a Democratic Transition -- 6. Nepal: Identity Politics in a Turbulent Transition -- 7. Nigeria: Frustration, Polarization, and Violence -- 8. Sri Lanka: Social Cohesion.. In the Eye of the Beholder -- 9. Peacebuilding for Social Cohesion: Findings and Implications -- Conclusion.</subfield>
  </datafield>
  <datafield tag="520" ind1=" " ind2=" ">
   <subfield code="a">This book explores a critical question: in the wake of identity-based violence, what can internal and international peacebuilders do to help &quot;deeply divided societies&quot; rediscover a sense of living together? In 2016, ethnic, religious, and sectarian violence in Syria and Iraq, the Central African Republic, Myanmar, and Burundi grab headlines and present worrying scenarios of mass atrocities. The principal concern which this volume addresses is &quot;social cohesion&quot; - relations within society and across deep divisions, and the relationship of individuals and groups with the state. For global peacebuilding networks, the social cohesion concept is a leitmotif for assessment of social dynamics and a strategic goal of interventions to promote resilience following violent conflict. In this volume, case studies by leading international scholars paired with local researchers yield in-depth analyses of social cohesion and related peacebuilding efforts in seven countries: Guatemala, Kenya, Lebanon, Nepal, Nigeria, Myanmar, and Sri Lanka.</subfield>
  </datafield>
  <datafield tag="526" ind1=" " ind2=" ">
   <subfield code="a">Refugee Studies Unit (RSU), CPJ</subfield>
  </datafield>
  <datafield tag="541" ind1=" " ind2=" ">
   <subfield code="a">Book Finder International</subfield>
   <subfield code="e">41043</subfield>
  </datafield>
  <datafield tag="650" ind1=" " ind2="0">
   <subfield code="a">Peace.</subfield>
  </datafield>
  <datafield tag="650" ind1="1" ind2="4">
   <subfield code="a">Peace Studies.</subfield>
   <subfield code="9">53996</subfield>
  </datafield>
  <datafield tag="700" ind1="1" ind2=" ">
   <subfield code="a">Cox, Fletcher D.</subfield>
   <subfield code="e">editor.</subfield>
   <subfield code="9">53997</subfield>
  </datafield>
  <datafield tag="700" ind1="1" ind2=" ">
   <subfield code="a">Sisk, Timothy D.</subfield>
   <subfield code="e">editor.</subfield>
   <subfield code="9">53998</subfield>
  </datafield>
  <datafield tag="776" ind1="0" ind2="8">
   <subfield code="i">Print version:</subfield>
   <subfield code="t">Peacebuilding in deeply divided societies : toward social cohesion.</subfield>
   <subfield code="z">9783319507149</subfield>
   <subfield code="w">(DLC)  2017935469</subfield>
  </datafield>
  <datafield tag="776" ind1="0" ind2="8">
   <subfield code="i">Printed edition:</subfield>
   <subfield code="z">9783319507149</subfield>
  </datafield>
  <datafield tag="776" ind1="0" ind2="8">
   <subfield code="i">Printed edition:</subfield>
   <subfield code="z">9783319507163</subfield>
  </datafield>
  <datafield tag="776" ind1="0" ind2="8">
   <subfield code="i">Printed edition:</subfield>
   <subfield code="z">9783319844718</subfield>
  </datafield>
  <datafield tag="830" ind1=" " ind2="0">
   <subfield code="a">Rethinking Political Violence</subfield>
   <subfield code="9">53999</subfield>
  </datafield>
  <datafield tag="852" ind1=" " ind2=" ">
   <subfield code="a">Ayesha Abed Library</subfield>
  </datafield>
  <datafield tag="942" ind1=" " ind2=" ">
   <subfield code="2">ddc</subfield>
   <subfield code="c">BK</subfield>
  </datafield>
  <datafield tag="999" ind1=" " ind2=" ">
   <subfield code="c">45152</subfield>
   <subfield code="d">45152</subfield>
  </datafield>
  <datafield tag="952" ind1=" " ind2=" ">
   <subfield code="0">0</subfield>
   <subfield code="1">0</subfield>
   <subfield code="2">ddc</subfield>
   <subfield code="4">0</subfield>
   <subfield code="6">327_172000000000000_PEA</subfield>
   <subfield code="7">0</subfield>
   <subfield code="9">73482</subfield>
   <subfield code="a">CPJ</subfield>
   <subfield code="b">CPJ</subfield>
   <subfield code="c">RSU</subfield>
   <subfield code="d">2023-03-30</subfield>
   <subfield code="e">Book Finder International</subfield>
   <subfield code="g">7994.72</subfield>
   <subfield code="l">0</subfield>
   <subfield code="o">327.172 PEA</subfield>
   <subfield code="p">3030041043</subfield>
   <subfield code="r">2023-03-30</subfield>
   <subfield code="t">1</subfield>
   <subfield code="v">7994.72</subfield>
   <subfield code="w">2023-03-30</subfield>
   <subfield code="y">BK</subfield>
  </datafield>
 </record>
</collection>
